00821cam a22003017a 4500003000500000005001700005008004100022010001000063011001000073020001500083035001000098040000900108082002000117110000800137245006800145260002400213300002200237410000800259490003800267650002400305650002800329650003500357650002400392700002800416700002900444810000800473830003800481CHAP20220817043835.0010323d it rn 00110 spa d a85785 a86757 a9251045704 a97297 cCHAP04a631.4bF3 V.1442 aFAO10aSugar processing and by-products of the sugar industryc/by FAO aRome :bFAO,c2001. a132 p. ;bcuadros aFAO 0aFAO. Servicios agrícolasv; 14414aAzúcarxMercadeo.14aAzúcarxProducción.14aCaña de azúcarxIndustria.13aIndustria azucarera00aArmas Casanova, Carlos.00aValdes Delgado, Antonio.0 aFAO00aFAO. Servicios agrícolasv; 144